01282nam a2200373 i 450000100060000000300090000600500170001500800390003201500170007102000150008804000280010304100080013104600090013908000100014808000120015810000250017024500510019526000760024630000280032233600270035033700540037733800280043138000160045938000270047538500390050238800100054150400140055165000140056565500300057965800280060971000620063785601110069985600980081039551KOSZ 00520220406131700.0010508s2001 pl a f f |000 0 pol aPB 2001/8350 a8388283626 aWA NcWA NdKOSZ 005/HR0 apol k2001 a621.9 a(075.8)1 aStorch, BoryseAutor10aPodstawy obróbki skrawaniem /cBorys Storch. aKoszalin :bWydawnictwo Uczelniane Politechniki Koszalińskiej,c2001. a183 s. :bil. ;c25 cm. 2rdacontentaTekstbtxt 2rdamediaaBez urządzenia pośredniczącegobn 2rdacarrieraWoluminbnc aKsiążki aPublikacje dydaktyczne mPoziom nauczaniaaSzkoły wyższe a2001- aBibliogr. 4aSkrawanie 4aPodręczniki akademickie aInżynieria i technika2 aWydawnictwo Uczelniane (Politechnika Koszalińska)4pbl. uhttp://dlibra.tu.koszalin.pl/dlibra/docmetadata?id=265&from=&dirids=1&ver_id=&lp=1&QI=yBiblioteka Cyfrowa uhttp://koha.tu.koszalin.pl/cgi-bin/koha/opac-detail.pl?biblionumber=39551yKatalog online BPK